Guide to organic stereochemistry /

שמור ב:
מידע ביבליוגרפי
מחבר ראשי: Buxton, Sheila R.
מחברים אחרים: Roberts, Stanley M.
פורמט: Sách giấy
שפה:English
יצא לאור: London : Longman , 1996
תגים: הוספת תג
אין תגיות, היה/י הראשונ/ה לתייג את הרשומה!
Thư viện lưu trữ: Thư viện Trường Đại học Đà Lạt
LEADER 00612nam a2200253 4500
001 DLU020018470
005 ##9/24/2001
020 # # |a 978- 
041 # # |a eng 
082 # # |a 541.223  |b RU-S 
100 # # |a Buxton, Sheila R. 
245 # # |a Guide to organic stereochemistry /  |c Sheila R. Buxton, Stanley M. Roberts 
260 # # |a London :  |b Longman ,  |c 1996 
300 # # |a 252 tr., IX;   |c 24 cm. 
700 # # |a Roberts, Stanley M. 
992 # # |a 522679 
994 # # |a DLU 
900 # # |a False 
911 # # |a Administrator 
925 # # |a G 
926 # # |a A 
927 # # |a SH 
980 # # |a Thư viện Trường Đại học Đà Lạt